El petróleo y la problemática estructural venezolana / (Record no. 11333)
[ view plain ]
| 000 -CABECERA | |
|---|---|
| campo de control de longitud fija | 00858cam a2200241 a 4500 |
| 001 - NÚMERO DE CONTROL | |
| campo de control | 000011642 |
| 005 - FECHA Y HORA DE LA ÚLTIMA TRANSACCIÓN | |
| campo de control | 20200929162519.0 |
| 008 - DATOS DE LONGITUD FIJA--INFORMACIÓN GENERAL | |
| campo de control de longitud fija | 750731s1969 ve b 001 0 spa |
| 035 ## - NÚMERO DE CONTROL DEL SISTEMA | |
| Número de control de sistema | (DLC) 70228594 |
| 035 ## - NÚMERO DE CONTROL DEL SISTEMA | |
| Número de control de sistema | (OCoLC)1495392 |
| 040 ## - FUENTE DE LA CATALOGACIÓN | |
| Centro catalogador/agencia de origen | DO-SdBNP |
| Centro/agencia transcriptor | OU |
| Centro/agencia modificador | NSyU |
| -- | BNPHU |
| 082 ## - NÚMERO DE LA CLASIFICACIÓN DECIMAL DEWEY | |
| Número de clasificación | 665.5387 |
| Número de documento/Ítem | M632p |
| 049 ## - FONDOS LOCALES (OCLC) | |
| Fondos de biblioteca | BNGR |
| 100 1# - ENTRADA PRINCIPAL--NOMBRE DE PERSONA | |
| Nombre de persona | Mieres, Francisco. |
| 9 (RLIN) | 27572 |
| 245 13 - MENCIÓN DE TÍTULO | |
| Título | El petróleo y la problemática estructural venezolana / |
| Mención de responsabilidad, etc. | Francisco Mieres. |
| 260 ## - PUBLICACIÓN, DISTRIBUCIÓN, ETC. | |
| Lugar de publicación, distribución, etc. | Caracas, (Venezuela) : |
| Nombre del editor, distribuidor, etc. | Instituto de Investigaciones : |
| -- | Facultad de Ciencias Económicas y Sociales : |
| -- | Universidad Central de Venezuela, |
| Fecha de publicación, distribución, etc. | 1969. |
| 300 ## - DESCRIPCIÓN FÍSICA | |
| Extensión | 402, [403] p. : |
| Otras características físicas | il. ; |
| Dimensiones | 22 cm. |
| 490 1# - MENCIÓN DE SERIE | |
| Mención de serie | Esquema |
| 504 ## - NOTA DE BIBLIOGRAFÍA, ETC. | |
| Nota de bibliografía, etc. | Bibliographical footnotes. |
| 650 #4 - PUNTO DE ACCESO ADICIONAL DE MATERIA--TÉRMINO DE MATERIA | |
| Término de materia o nombre geográfico como elemento de entrada | Industria del petróleo |
| Subdivisión geográfica | Venezuela |
| 9 (RLIN) | 27488 |
| 830 #0 - PUNTO DE ACCESO ADICIONAL DE SERIE-TÍTULO UNIFORME | |
| Título uniforme | Esquema. |
| 9 (RLIN) | 5401 |
| 910 ## - DATOS DE OPCIÓN DEL USUARIO (OCLC) | |
| Datos de opción del usuario | Catalogación por copia / LC |
| Estado de retiro | Estado de pérdida | Restricciones de uso | No para préstamo | Código de colección | Localización permanente | Ubicación/localización actual | Ubicación en estantería | Fecha de adquisición | Número de inventario | Total de préstamos | Signatura topográfica completa | Código de barras | Fecha visto por última vez | Precio válido a partir de | Tipo de ítem Koha |
|---|---|---|---|---|---|---|---|---|---|---|---|---|---|---|---|
| Préstamo interno | Monografías: Libros y Folletos | General | General | En catalogación | 22.10.2009 | LF1 | 665.5387 M632p | 11642-10 | 25.06.2020 | 25.06.2020 | Préstamo interno |
